000 00679nam a2200205 i 4500
001 60756
003 ES-MaACL
005 20231229062523.0
007 t|
008 031106s1920 sp ||||1| spa d
245 0 0 _aDel espíritu de los vascos /
_cMaeztu ... [et al.] ; palabras preliminares de [José] Ortega Gasset.
260 _aBilbao :
_b[Editorial Vasca],
_c1920.
300 _a179 p. ;
_c19 cm.
490 1 _aBiblioteca de Hermes ;
_v1
700 1 _aMaeztu, Ramiro de,
_d1875-1936
_975421
700 1 _aOrtega y Gasset, José,
_d1883-1955
_987503
830 0 _aBiblioteca de Hermes ;
_v1
_9226806
852 _aES-MaACL
_jB-4236
999 _c60756
_d60756